Cani selvaggi

में बचाया:
ग्रंथसूची विवरण
मुख्य लेखक: Humphreys, Helen
स्वरूप: पुस्तक
टैग: टैग जोड़ें
कोई टैग नहीं, इस रिकॉर्ड को टैग करने वाले पहले व्यक्ति बनें!

MARC

LEADER 00000nam a22000007i 4500
001 CDOM0000003759
003 mi
005 20250914090832.0
008 071110s2007 it |||||| ||||| |||||c
040 |c mi 
100 |a Humphreys, Helen 
245 1 |a Cani selvaggi  
942 |2 ddc  |c BK 
952 |0 0  |1 0  |2 ddc  |4 0  |7 0  |9 6973  |a MI  |b MI  |d 2009-08-26  |i 5477  |l 0  |p CDOM5477  |r 2025-07-13 16:28:00  |w 2025-07-13  |x ACQUISTO  |y BK 
999 |c 5693  |d 5693